Texto atlas de histología

שמור ב:
מידע ביבליוגרפי
Main Authors: Gartner, Leslie P (Author), Hiatt, James L (Author)
פורמט: ספר
שפה:ספרדית
יצא לאור: Cuernavaca McGraw-Hill Interamericana 2002
מהדורה:2a. ed
נושאים:
תגים: הוספת תג
אין תגיות, היה/י הראשונ/ה לתייג את הרשומה!

MARC

LEADER 00000cam a2200000 a 4500
001 UCD7127
003 CL-VaPUC
008 170309e20020000mx |||||||||||||||||spa|d
020 |a 9701037286 
082 0 4 |a 611.018  |b GAR  |2 21 
100 |a Gartner, Leslie P  |e author  |9 591049 
700 0 |a Hiatt, James L  |e author  |9 591050 
245 1 0 |a Texto atlas de histología 
250 |a 2a. ed 
300 |a 539 p 
942 |c BK 
945 |d 20170309 22:28:00  |a dcastane 
260 |a Cuernavaca  |b McGraw-Hill Interamericana  |c 2002 
650 0 |a Histología   |9 264868 
650 0 |a Atlas   |9 260843 
583 |a last modification  |c 20170309 22:28:00  |k Rodrigo Vera 
999 |c 367239  |d 367237